00357nam a2200133Ia 4500008004100000020001200041041001200053082001600065100001600081245007000097260004100167300000800208650000700216221030s9999 xx 000 0 und d a8185749 aEnglish a105.23bGup aJ. B. Gupta 0aUtilizaiton of Electric Power & Electric Tractioncby J. B. Gupta bS.K. Kataria & SonsaNew Delhic2002 a382 aEE